| 000 | 00452cam a22001571 4500 | ||
|---|---|---|---|
| 082 |
_a952 _bOCO |
||
| 100 | 1 |
_aO'Conroy, Taid, _950344 |
|
| 245 | 1 | 4 | _aThe menace of Japan. |
| 260 |
_aNew York, _bH.C. Kinsey & company, inc., _c1934. |
||
| 300 | _a294 p. | ||
| 526 |
_a0 _b0 _c0 _d952_000000000000000_OCO |
||
| 650 | 0 |
_aJapanese _zChina _zManchuria. _950345 |
|
| 650 | 0 |
_aMCE _9379 |
|
| 650 | 0 |
_aNational characteristics, Japanese. _950346 |
|
| 942 |
_2ddc _cBK |
||
| 999 |
_c553069 _d553069 |
||